000 00502nam a22001817a 4500
005 20251108172203.0
008 250721s1998 xx 000 0 ara d
082 1 4 _aط/ق/مسع
100 1 _aمسعود، جبران
245 1 0 _aجدتي :
_bقصص من صميم لبنان /
250 _aط8
264 1 _aبيروت :
_bدار الحكمة،
_c1998.
300 _a147ص
650 1 7 _aالقصص العربية
650 1 7 _aالأادب العربي
942 _2ddc
_cBK
999 _c72636
_d72636